<?xml version="1.0" encoding="UTF-8"?><?xml-stylesheet type="text/xsl" href="static/style.xsl"?><OAI-PMH xmlns="http://www.openarchives.org/OAI/2.0/" xmlns:xsi="http://www.w3.org/2001/XMLSchema-instance" xsi:schemaLocation="http://www.openarchives.org/OAI/2.0/ http://www.openarchives.org/OAI/2.0/OAI-PMH.xsd"><responseDate>2026-04-17T20:35:35Z</responseDate><request verb="GetRecord" identifier="oai:www.recercat.cat:20.500.12694/7393" metadataPrefix="marc">https://recercat.cat/oai/request</request><GetRecord><record><header><identifier>oai:recercat.cat:20.500.12694/7393</identifier><datestamp>2025-12-18T12:09:54Z</datestamp><setSpec>com_2072_179042</setSpec><setSpec>col_2072_484474</setSpec></header><metadata><record xmlns="http://www.loc.gov/MARC21/slim" xmlns:dcterms="http://purl.org/dc/terms/" xmlns:xsi="http://www.w3.org/2001/XMLSchema-instance" xmlns:doc="http://www.lyncode.com/xoai" xsi:schemaLocation="http://www.loc.gov/MARC21/slim http://www.loc.gov/standards/marcxml/schema/MARC21slim.xsd">
   <leader>00925njm 22002777a 4500</leader>
   <datafield ind2=" " ind1=" " tag="042">
      <subfield code="a">dc</subfield>
   </datafield>
   <datafield ind2=" " ind1=" " tag="720">
      <subfield code="a">Benito Forriol, Clara de</subfield>
      <subfield code="e">author</subfield>
   </datafield>
   <datafield ind2=" " ind1=" " tag="260">
      <subfield code="c">2024-06</subfield>
   </datafield>
   <datafield ind2=" " ind1=" " tag="520">
      <subfield code="a">Aquest treball de fi de grau té com a objectiu proveir l’intèrpret d'una proposta musical per a la Sonata K. 304 en mi menor de W. A. Mozart. Per assolir aquest propòsit, s'ha realitzat una investigació acurada sobre els mètodes i les tècniques que ens han llegat els antics mestres intèrprets de l'època. S'ha fet una anàlisi formal i retòrica de la sonata, així com l’estudi del marc històric en què es va compondre, el qual facilita la comprensió temporal i contextualitza el músic per a realitzar una interpretació històricament informada. Els resultats obtinguts indiquen la detallada informació que es conserva dels antics tractats per interpretar en aquesta època. En resum, aquest treball de fi de grau ofereix una estructura històrica per interpretar aquesta música i facilita a l’intèrpret els recursos necessaris per tenir una base sòlida sobre la qual interpretar.</subfield>
   </datafield>
   <datafield ind2=" " ind1=" " tag="520">
      <subfield code="a">Este trabajo de fin de grado tiene como objetivo proveer al intérprete de una propuesta musical para la Sonata K. 304 en mi menor de Mozart. Para alcanzar este propósito, se ha realizado una investigación exhaustiva sobre los métodos y las técnicas que nos han legado los antiguos maestros intérpretes de la época. Se ha hecho un análisis formal y retórico de la sonata, así como el estudio del marco histórico en el que se compuso, el cual facilita la comprensión temporal y contextualiza al músico para realizar una interpretación históricamente informada. Los resultados obtenidos indican la información tan detallada que se conserva de los antiguos tratados sobre la interpretación de esta época. En resumen, este trabajo de fin de grado ofrece una estructura histórica para interpretar esta música y facilita al intérprete los recursos necesarios para tener una base sólida sobre la que interpretar.</subfield>
   </datafield>
   <datafield ind2=" " ind1=" " tag="520">
      <subfield code="a">This bachelor’s thesis aims to provide the performer with a musical proposal for Mozart’s Sonata K. 304 in E minor. To achieve this purpose, an in-depth investigation has been conducted into the methods and techniques bequeathed to us by the former master performers of the period. A formal and rhetorical analysis of the sonata has been carried out, as well as a study of the historical framework in which it was composed, which facilitates a temporal understanding and contextualizes the musician in order to perform a historically informed interpretation. The results obtained indicate the detailed information preserved in the old treatises on performance from this period. In summary, this bachelor’s thesis provides a historical framework for interpreting this music and offers the performer the necessary resources to establish a solid foundation for interpretation.</subfield>
   </datafield>
   <datafield ind1="8" ind2=" " tag="024">
      <subfield code="a">http://hdl.handle.net/20.500.12694/7393</subfield>
   </datafield>
   <datafield tag="653" ind2=" " ind1=" ">
      <subfield code="a">TFG Música clàssica i contemporània</subfield>
   </datafield>
   <datafield tag="653" ind2=" " ind1=" ">
      <subfield code="a">Mozart, Wolfgang Amadeus, 1756-1791--Crítica i interpretació</subfield>
   </datafield>
   <datafield tag="653" ind2=" " ind1=" ">
      <subfield code="a">Violí i piano, Música per a--Anàlisi i apreciació</subfield>
   </datafield>
   <datafield tag="653" ind2=" " ind1=" ">
      <subfield code="a">Mozart, Wolfgang Amadeus, 1756-1791. Sonates, violí, piano, K. 304, mi menor</subfield>
   </datafield>
   <datafield tag="653" ind2=" " ind1=" ">
      <subfield code="a">Música--Àustria--S. XVIII</subfield>
   </datafield>
   <datafield tag="653" ind2=" " ind1=" ">
      <subfield code="a">Sonates--Anàlisi i apreciació</subfield>
   </datafield>
   <datafield ind2="0" ind1="0" tag="245">
      <subfield code="a">La Sonata K.304 de Mozart: entre la moderación ilustrada y el patetismo expresivo</subfield>
   </datafield>
</record></metadata></record></GetRecord></OAI-PMH>